Statistics for Compound Words

Click here to take the quiz!

General Stats

  • This quiz has been taken 679 times
  • The average score is 15 of 24

Answer Stats

HintAnswer% Correct
A trip that couples go on after their weddingHoneymoon
94%
A snack you eat at the movies, with or without butterPopcorn
92%
The end of the weekWeekend
90%
A sport in which a ball is thrown into hoopsBasketball
89%
Not forwardBackward
89%
A sport in which bases are involvedBaseball
87%
A person who watches kids, perhaps for moneyBabysitter
87%
Mother of Father's motherGrandmother
86%
A flower that faces toward the sunSunflower
85%
A person who is trained in water safetyLifeguard
80%
An insect that makes honeyHoneybee
79%
A bug that lights up and comes around in the summerFirefly
74%
The front of the face, near the headForehead
69%
Can't, except formalCannot
69%
A place to cross the streetCrosswalk
53%
Not too hot, not too coldLukewarm
52%
Somewhere elseElsewhere
50%
A white light at nightMoonlight
40%
Cause baby you're a ______________Firework
30%
A thing placed on a stove to cook inSaucepan
25%
A person's lifeLifetime
20%
In the ________timeMeantime
20%
A hero's __________Sidekick
4%
To describe a bunch of peopleAnybody
0%

Score Distribution

Percentile by Number Answered

Percent of People with Each Score

Your Score History

You have not taken this quiz